| 000 | 00542nam a22002057a 4500 | ||
|---|---|---|---|
| 003 | OSt | ||
| 005 | 20150610124811.0 | ||
| 008 | 150610b xxu||||| |||| 00| 0 eng d | ||
| 020 | _a9780470900598 | ||
| 040 | _cDNLM | ||
| 082 | _aQW160 A24f 2011 | ||
| 100 |
_aAcheson, Nicholas H. _95216 |
||
| 245 | _aFundamentals of molecular virology | ||
| 250 | _a2nd ed. | ||
| 260 |
_aU.S; _bJohn Wiley, _c2011 |
||
| 300 |
_axxv,500p; _bcol.ill: _c28cm |
||
| 504 | _aGlossary, credit, & index included | ||
| 650 |
_aVirology _9893 |
||
| 942 |
_2z _cO_SHELF |
||
| 999 |
_c1998 _d1998 |
||